00625cam a22002291 4500001001300000003000400013005001700017008004100034010001700075035001900092040001900111042001200130050001600142082001800158100001500176245004900191260004300240300002200283504003100305650004200336999001700378sa 67003054 DLC20260227112335.0780629s1966 ii 000 0 eng  asa 67003054  a(OCoLC)4018684 aDLCcABAUdDLC apremarc00aHC435b.R58 a338.91/73/0541 aRoy, Ajit.10aEconomics and politics of U. S. foreign aid. aCalcutta,bNational Publishersc[1966] axv, 76 p.c23 cm. aBibliographical footnotes. 0aEconomic assistance, AmericanzIndia. c73603d73603